000 00602nam a2200229Ia 4500
003 OSt
005 20220928144658.0
006 a|||||r|||| 00| 0
007 ta
008 220927b |||||||| |||| 00| 0 eng d
024 _a73011
037 _cTextual
040 _aSDCL
_cSDCL
_beng
041 _2eng
_aeng
082 _aX65291, L2
100 _aDasgupta Ajit K
_9375273
245 0 _aCost benefit analysis
_b theory and practice.
260 _c1972
700 _a Pearce D W
_9456315
942 _hX65291, L2
_cTEXL
_2CC
999 _c828919
_d828919